000 00300nam a2200121Ia 4500
005 20251222144739.0
008 251222s9999||||xx |||||||||||||| ||spa||
020 _a84-7481-857-5
082 _a379.46/U61
245 0 _aNormativa Universitaria 1997
264 _bUniversidad de Salamanca
942 _cLIB
999 _c18902
_d18902